00426nam a2200157Ia 450000500170000000800410001702000150005808200210007324500420009426000520013630000170018865000110020565000160021665000170023270000190024920250115020956.0240331s9999 xx 000 0 und d a0195081943 bDEB22186a305.3 0aGender and Conversational Interaction aNew YorkaOxfordbOxford University Pressc1993 axiv, 327 p., aGender aInteraction aEthnographic aTannen, Deedt